Human cloud - vývojově pokročilá cesta outsourcingu

Human cloud a ako funguje.

Salvato in:
Dettagli Bibliografici
Natura: Capitolo di libro
Lingua:ceco
Soggetti:
Tags: Aggiungi Tag
Nessun Tag, puoi essere il primo ad aggiungerne!!

MARC

LEADER 00000naa a2200000 4500
001 0200983
005 20231113134958.9
041 0 |a cze 
044 |a CZ 
245 1 0 |a Human cloud - vývojově pokročilá cesta outsourcingu 
520 |a Human cloud a ako funguje. 
610 2 0 |a trh práce 
610 2 0 |a výber pracovníkov 
610 2 0 |a internet